000 00935nas a2200313 4500
001 BR2010000468
003 BR-BrBNA
005 20231205113843.0
007 ta
008 230509b bl.|||p| |||| 00| 00por d
040 _aBR-BrBNA
_bpor
_cBiblioteca Nacional de Agricultura
041 _a(Pt)
072 _aF01
100 1 _aSilva, M.P. da
100 1 _aRusafa, T.M.
100 1 _aSá, M.E. de
100 1 _aFurlani Júnior, E.
100 1 _aSouza, L.C.D. de
100 1 _aBerti, C.L.F.
100 1 _aAbrantes, F.L.
245 1 _aCaracterísticas agronômicas e componentes da produção de grãos em cultivares de soja em diferentes épocas de colheita
650 _aSOJA
650 _aGRÃO
650 _aVARIEDADE
650 _aCOLHEITA
773 0 _tCultura Agronômica (Brazil)
_xISSN 0104-1010
_g(2009), v. 18(3) p. 41-51
_wBR2010000468
909 _a202311
_bLúcia
_c55
_dLúcia Elande
942 _2AGRIS
_n0
_cANA
999 _c205960
_d205960